Places in Essex - sudden death - Statistics

General Stats
  • This quiz has been taken 214 times
  • The average score is 7 of 24
Answers on the Grid
Answers color-coded by a green-red scale on the quiz's grid according to % correct below.
Southend-on-Sea
Portsmouth
Stansted Airport
Torquay
Burnham-on-Crouch
Liverpool
Chelmsford
St. Pancras
Grays
Basildon
Epping
John Lennon's birthplace
Romford
Isle of Sheppey
Rochford
Heathrow Airport
Harwich
Waltham Abbey
Bishop's Stortford
Dartford
Harlow
Canvey Island
Dagenham
Hornchurch
Brentwood
Ilford
Clacton-on-Sea
Rainham
HQ of Ryanair UK
Braintree
Ware
Mersea Island
Waltham Cross
Home town of Squarepusher
Chingford
Billericay
Knebworth
Sawbridgeworth
Ilford
Hampton
Birthplace of Chris Morris
Woodford
Hoddesdon
Foulness Island
Walton-on-the-Naze
South Benfleet
Upminster
Rayleigh
 
Answer Stats
Answer % Correct
Southend-on-Sea
96%
Chelmsford
82%
Basildon
74%
Grays
53%
Stansted Airport
53%
Epping
49%
Burnham-on-Crouch
34%
Brentwood
24%
Harlow
21%
Braintree
20%
Billericay
18%
Canvey Island
18%
Clacton-on-Sea
16%
Harwich
13%
Rayleigh
13%
Rochford
13%
South Benfleet
13%
Walton-on-the-Naze
12%
Mersea Island
9%
Waltham Abbey
9%
Chelmsford Home town of Squarepusher
7%
Foulness Island
5%
HQ of Ryanair UK
4%
Colchester Birthplace of Chris Morris
1%
No matching quizzes found
Score Distribution
Percent of People with Each Score
Percentile by Number Answered
Your Score History
You have not taken this quiz